000 00636pam a2200217 i 4500
001 2248797
005 20180205075133.0
008 771201s1978 nyua b 001 0 eng
010 _a 77026191
020 _a0471034045
040 _aDLC
_cDLC
_dDLC
041 _aeng
080 _a658.3142
082 0 0 _a658.3142 MAL
100 1 _a54
101 _aLID
245 1 0 _aImproving total productivity :
_cPaul Mali.
504 _aIncludes bibliographical references and index.
906 _a7
_bcbc
_corignew
_d1
_eocip
_f19
_gy-gencatlg
942 _2ddc
_cBK
999 _c41789
_d41789